000 02215nam0a2200373 4500
001 RU\NLR\bibl\1864852
005 20260406000025.0
010 _a978-5-7425-0148-0
_91000
035 _a(NLR Aleph) 001854733
090 _a2450275
_c2450275
100 _a20120206d2011 |||y0rusy50 ca
101 0 _arus
_deng
_eeng
102 _aRU
105 _aa |||||||||
200 1 _aНациональная корпоративная система. Концептуальные основы управления эффективностью
_dNational Corporate System. Conceptual Foundations of Performance Management
_fЛ.С. Черной
_gРос. акад. наук, Науч. совет по прогр. Фундамент. исслед. президиума Рос. акад. наук "Экономика и социология знания", Центр. экон.-мат. ин-т РАН, Ин-т соц.-полит. исслед. РАН, Ин-т перспектив. науч. исслед.
_zeng
210 _aМосква
_cЭкономическое образование
_d2011
215 _a423 с.
_cил.
_d25
225 1 _aЭкономика и социология знания
300 _aАвт. также на англ. яз.: L.S. Chernoy
300 _aВ вып. дан. авт.: Черной Л.С. - д.э.н., проф.
300 _aРез. на англ. яз.
320 _aБиблиогр.: с. 406-415 (225 назв.) и в подстроч. примеч.
510 0 _6z11790
_aNational Corporate System. Conceptual Foundations of Performance Management
_zeng
517 0 _aКонцептуальные основы управления эффективностью
606 1 _aКорпорации
_xУправление
_yРоссийская Федерация
_92145838
_3RU\NLR\auth\661292825
686 _aУ21(2)25(2Р)
700 1 _4070
_8rus
_7ca
_aЧерной
_bЛ. С.
_f1954-
_gЛев Семенович
_3RU\NLR\auth\77109592
_992517
790 1 _4070
_8rus
_7ba
_aČernoj
_bL. S.
_f1954-
_gLev Semenovič
_3RU\NLR\auth\77109593
_992518
801 0 _aRU
_bNLR
_c20120206
_gRCR
801 1 _aRU
_bNLR
_c20120206
942 _cBOOK
980 _aNB
980 _aNBR